LIBRARY & INFORMATION CENTRE, KCAET, TAVANUR

ONLINE PUBLIC ACCESS CATALOGUE (OPAC)

Engineering Mechanics of Solids / (Record no. 12991)

MARC details
000 -LEADER
fixed length control field 00337cam a2200133ua 4500
020 ## - INTERNATIONAL STANDARD BOOK NUMBER
ISBN 8178085356
082 ## - DEWEY DECIMAL CLASSIFICATION NUMBER
Classification number 620.105
Item number POP/EN
100 ## - MAIN ENTRY--AUTHOR NAME
Personal name Popov, Egor P .
245 ## - TITLE STATEMENT
Title Engineering Mechanics of Solids /
250 ## - EDITION STATEMENT
Edition statement 1 / 2
260 ## - PUBLICATION, DISTRIBUTION, ETC. (IMPRINT)
Place of publication New Delhi :
Name of publisher Prentice Hall of India Pvt Ltd. ,
Year of publication 2006.
300 ## - PHYSICAL DESCRIPTION
Number of Pages 864
942 ## - ADDED ENTRY ELEMENTS (KOHA)
Koha item type Books
Holdings
Withdrawn status Lost status Damaged status Home library Current library Date acquired Full call number Accession Number Koha item type Collection code Shelving location Source of acquisition Cost, normal purchase price
      KAUAET KAUAET 07/04/2012 620.1 POP/EN 21165 Books        
      KAUAET KAUAET 07/04/2012 620.1 POP/EN 21852 Books        
      KAUAET KAUAET 03/09/2016 620.105 POP/EN BB 3 Book Bank scheme for SC students   Scheme Cosmo Books, Thrissur. 295.00
      KAUAET KAUAET 03/09/2016 620.105 POP/EN BB 4 Book Bank scheme for SC students   Scheme Cosmo Books, Thrissur. 295.00
free website counter